000
00233nam a22001097a 4500
020
_a
355.02 SHA'C
100
_a
SHAHID HAMID
_9
9091
245
_a
COURAGE IS A WEAPON
260
_a
KARACHI
_b
SANI
_c
1980
300
_a
164P
942
_c
BK
999
_c
580567
_d
580567